[Event "Barcelona Primavera La Lira op 7th"]
[Site "Barcelona"]
[Date "2014.06.05"]
[Round "7"]
[White "Fernandez Sopuerta, Pablo"]
[Black "Tortosa Moros, Joan"]
[Result "0-1"]
[WhiteElo "1640"]
[BlackElo "1756"]
[PlyCount "94"]
[EventDate "2014.04.03"]
[EventType "swiss"]
[EventRounds "9"]
[EventCountry "ESP"]
[SourceTitle "EXT 2015"]
[Source "ChessBase"]
[SourceDate "2014.11.20"]
[SourceVersion "1"]
[SourceVersionDate "2014.11.20"]
[SourceQuality "1"]

1. e4 c5 2. d3 g6 3. Nf3 Bg7 4. g3 d6 5. Bg2 Nf6 6. 0-0 Nc6 7. Nbd2 Rb8 8. Re1 Qc7 9. c3 0-0 10. Nf1 b5 11. d4 cxd4 12. Nxd4 Nxd4 13. cxd4 Rd8 14. Bf4 Qb6 15. Rc1 Bb7 16. e5 dxe5 17. Bxe5 Rbc8 18. Qe2 Bxg2 19. Kxg2 Qb7+ 20. Kg1 Bh6 21. f4 Nd5 22. Rxc8 Rxc8 23. f5 f6 24. Bf4 Bxf4 25. gxf4 Nxf4 26. Qg4 Rc2 27. Ne3 Rxb2 28. Qxf4 g5 29. Qg4 Rxa2 30. h4 Qc7 31. Re2 Rxe2 32. Qxe2 Qg3+ 33. Ng2 gxh4 34. Qxe7 Qg5 35. Qe8+ Kg7 36. Qe7+ Kh6 37. Qf8+ Kh5 38. Qf7+ Kg4 39. Qxh7 h3 40. Qg6 hxg2 41. d5 b4 42. d6 b3 43. d7 b2 44. d8Q b1Q+ 45. Kxg2 Qe4+ 46. Kf1 Qexf5+ 47. Qxf5+ Qxf5+ 0-1

[Event "Barcelona Primavera La Lira op 7th"]
[Site "Barcelona"]
[Date "2014.04.24"]
[Round "3"]
[White "Fernandez Sopuerta, Pablo"]
[Black "Gines Rodriguez, Oscar"]
[Result "0-1"]
[WhiteElo "1640"]
[BlackElo "1831"]
[PlyCount "100"]
[EventDate "2014.04.03"]
[EventType "swiss"]
[EventRounds "9"]
[EventCountry "ESP"]
[SourceTitle "EXT 2015"]
[Source "ChessBase"]
[SourceDate "2014.11.20"]
[SourceVersion "1"]
[SourceVersionDate "2014.11.20"]
[SourceQuality "1"]

1. e4 e5 2. Nf3 Nf6 3. Nc3 Bb4 4. Bc4 0-0 5. d3 d6 6. 0-0 c6 7. Ne2 Qe7 8. c3 Ba5 9. Bb3 Bc7 10. Ng3 a5 11. a4 Na6 12. Re1 Be6 13. d4 Rac8 14. Qc2 c5 15. d5 Bg4 16. Qe2 Bd8 17. h3 Bd7 18. Bc4 Nc7 19. Nh2 Nfe8 20. f4 Na8 21. Bb5 g6 22. Qf3 f6 23. f5 Bxb5 24. axb5 Qg7 25. fxg6 hxg6 26. Ng4 Qh7 27. Nh6+ Kh8 28. Qg4 Rc7 29. Rxa5 Nb6 30. h4 Nc4 31. Ra8 Ng7 32. Rc8 f5 33. exf5 gxf5 34. Qxc4 Rxc8 35. b4 f4 36. Ne4 Qxh6 37. bxc5 dxc5 38. d6 Qe6 39. Qe2 c4 40. Ng5 Bxg5 41. hxg5 Qxd6 42. Qg4 Qg6 43. Rxe5 Rce8 44. Bxf4 Rxe5 45. Bxe5 Qf5 46. Qh4+ Kg8 47. Bd4 Qf1+ 48. Kh2 Qf4+ 49. Qxf4 Rxf4 50. Kg3 Rf5 0-1

[Event "Barcelona Primavera La Lira op 7th"]
[Site "Barcelona"]
[Date "2014.04.03"]
[Round "1"]
[White "Fernandez Sopuerta, Pablo"]
[Black "Vives Cabau, Jordi"]
[Result "0-1"]
[WhiteElo "1640"]
[BlackElo "2059"]
[PlyCount "100"]
[EventDate "2014.04.03"]
[EventType "swiss"]
[EventRounds "9"]
[EventCountry "ESP"]
[SourceTitle "EXT 2015"]
[Source "ChessBase"]
[SourceDate "2014.11.20"]
[SourceVersion "1"]
[SourceVersionDate "2014.11.20"]
[SourceQuality "1"]

1. e4 e5 2. Nf3 Nc6 3. Bc4 Nf6 4. d3 d5 5. exd5 Nxd5 6. c3 Be7 7. 0-0 Nb6 8. Bb5 f6 9. Re1 0-0 10. Nbd2 Kh8 11. Ne4 Bg4 12. h3 Bh5 13. Ng3 Bf7 14. Be3 a6 15. Bxc6 bxc6 16. d4 exd4 17. Nxd4 Qd7 18. Ndf5 Qxd1 19. Raxd1 Bd8 20. Bc5 Rg8 21. Ne7 Bxe7 22. Rxe7 Bd5 23. b3 Rae8 24. Rde1 Bf7 25. Kf1 Bg6 26. Rxc7 Bd3+ 27. Ne2 Nd5 28. Rxc6 Nxc3 29. Be3 Nxe2 30. Rxe2 Rc8 31. Rxc8 Rxc8 32. Ke1 Bxe2 33. Kxe2 Rc2+ 34. Kd3 Rxa2 35. Kc3 Kg8 36. b4 Kf7 37. Kb3 Re2 38. Ka4 Ke6 39. Ka5 Ra2+ 40. Kb6 Kd5 41. g3 Kc4 42. Bc5 g6 43. Be7 f5 44. h4 Ra4 45. f4 Rxb4+ 46. Bxb4 Kxb4 47. Kxa6 Kc4 48. Kb6 Kd5 49. Kc7 Ke4 50. Kd6 Kf3 0-1

[Event "Barcelona Primavera La Lira op 5th"]
[Site "Barcelona"]
[Date "2012.05.03"]
[Round "3"]
[White "Flores Linan, Josep Luis"]
[Black "Fernandez Sopuerta, Pablo"]
[Result "1-0"]
[WhiteElo "1918"]
[BlackElo "1647"]
[PlyCount "67"]
[EventDate "2012.04.19"]
[EventType "swiss"]
[EventRounds "9"]
[EventCountry "ESP"]
[SourceTitle "CBM 148 Extra"]
[Source "ChessBase"]
[SourceDate "2012.06.22"]
[SourceVersion "1"]
[SourceVersionDate "2012.06.22"]
[SourceQuality "1"]

1. d4 b6 2. c4 Bb7 3. Nc3 e6 4. e4 Bb4 5. Bd3 d5 6. Qa4+ Nc6 7. cxd5 exd5 8. Bb5 Nge7 9. Qxb4 dxe4 10. Be3 0-0 11. Qa4 a6 12. Bxc6 Bxc6 13. Qc2 Nf5 14. Nge2 Nxe3 15. fxe3 Qh4+ 16. Ng3 f5 17. 0-0 Qg4 18. Rf4 Qg5 19. Raf1 g6 20. d5 Bd7 21. Qb3 Kg7 22. Qc4 Rac8 23. Qxa6 Qe7 24. Qc4 Qe5 25. h4 Rf7 26. Ngxe4 Rcf8 27. Ng5 Qxe3+ 28. Kh1 Re7 29. Qd4+ Qxd4 30. Rxd4 Rfe8 31. Rfd1 c5 32. dxc6 Bxc6 33. Rd6 Bd7 34. Rxd7 1-0

[Event "Barcelona Primavera La Lira op 5th"]
[Site "Barcelona"]
[Date "2012.04.19"]
[Round "1"]
[White "Colom Andres, Xavier"]
[Black "Fernandez Sopuerta, Pablo"]
[Result "1-0"]
[WhiteElo "1941"]
[BlackElo "1647"]
[PlyCount "57"]
[EventDate "2012.04.19"]
[EventType "swiss"]
[EventRounds "9"]
[EventCountry "ESP"]
[SourceTitle "CBM 148 Extra"]
[Source "ChessBase"]
[SourceDate "2012.06.22"]
[SourceVersion "1"]
[SourceVersionDate "2012.06.22"]
[SourceQuality "1"]

1. d4 b6 2. e4 Bb7 3. Bd3 Nf6 4. f3 e6 5. Ne2 d5 6. e5 Nfd7 7. 0-0 Ba6 8. f4 Bxd3 9. Qxd3 c5 10. c3 Nc6 11. a3 Qc7 12. Be3 0-0-0 13. Nd2 c4 14. Qc2 Be7 15. b3 Na5 16. a4 f6 17. bxc4 Nxc4 18. Nxc4 dxc4 19. Rfb1 a6 20. Ng3 g5 21. f5 fxe5 22. fxe6 Nf8 23. Qf5 exd4 24. Bxd4 Bc5 25. e7+ Nd7 26. exd8Q+ Rxd8 27. Bxc5 Qxc5+ 28. Qxc5+ bxc5 29. Ne4 1-0